书目信息 |
| 题名: |
Selections from O. Henry
|
|
| 作者: | 亨利 著 | |
| 分册: | ||
| 出版信息: | 沈阳 辽宁人民出版社 2019.01 |
|
| 页数: | 179页 | |
| 开本: | 18cm | |
| 丛书名: | 最经典英语文库 | |
| 单 册: | ||
| 中图分类: | H319.4:I | |
| 科图分类: | ||
| 主题词: | 英语--ying yu--语言读物 , 短篇小说--duan pian xiao shuo--小说集--美国--近代 | |
| 电子资源: | ||
| ISBN: | 978-7-205-09465-2 | |
| 000 | 01178nam 2200301 450 | |
| 001 | 202019133533 | |
| 005 | 20190921113345.0 | |
| 010 | @a978-7-205-09465-2@dCNY12.00 | |
| 100 | @a20190918d2019 em y0chiy50 ba | |
| 101 | 0 | @aeng |
| 102 | @aCN@b210000 | |
| 105 | @ay z 000ay | |
| 106 | @ar | |
| 200 | 1 | @aSelections from O. Henry@fO. Henry |
| 210 | @a沈阳@c辽宁人民出版社@d2019.01 | |
| 215 | @a179页@d18cm | |
| 225 | 2 | @a最经典英语文库@Azui jing dian ying yu wen ku |
| 312 | @a中文题名取自CIP数据 | |
| 314 | @a责任者规范汉译姓: 欧·亨利 | |
| 330 | @a本书收录了26篇短篇小说。从这些作品中, 我们不难看出欧·亨利对社会中的小人物充满了无尽的同情与悲悯。欧·亨利其实是借小说中的人物, 展示他对小人物的真诚的爱与关怀。从中我们可以看到, 落魄的小人物虽然在艰苦的环境中求生存, 但仍然不失对他人的真诚与爱, 并愿意为此做出可贵的牺牲。 | |
| 410 | 0 | @12001 @a最经典英语文库 |
| 510 | 1 | @a欧·亨利小说集@zchi |
| 606 | 0 | @a英语@Aying yu@j语言读物 |
| 606 | 0 | @a短篇小说@Aduan pian xiao shuo@x小说集@y美国@z近代 |
| 690 | @aH319.4:I@v5 | |
| 701 | 1 | @a亨利@Aou ·heng li@g(Henry, O.),@f1862-1910@4著 |
| 801 | 0 | @aCN@c20190905 |
| 905 | @a河南城建学院图书馆@dH319.4:I@eH381-2 | |
| Selections from O. Henry/O. Henry.-沈阳:辽宁人民出版社,2019.01 |
| 179页;18cm.-(最经典英语文库) |
| ISBN 978-7-205-09465-2:CNY12.00 |
| 本书收录了26篇短篇小说。从这些作品中, 我们不难看出欧·亨利对社会中的小人物充满了无尽的同情与悲悯。欧·亨利其实是借小说中的人物, 展示他对小人物的真诚的爱与关怀。从中我们可以看到, 落魄的小人物虽然在艰苦的环境中求生存, 但仍然不失对他人的真诚与爱, 并愿意为此做出可贵的牺牲。 |
| ● |
| 相关链接 |
|
|
|
正题名:Selections from O. Henry
索取号:H319.4:I/H381-2
 
预约/预借
| 序号 | 登录号 | 条形码 | 馆藏地/架位号 | 状态 | 备注 |
| 1 | 1440650 | 214406506 | 语言库209/209语言库 53排4列2层/ [索取号:H319.4:I/H381-2] | 在馆 | |
| 2 | 1440651 | 214406515 | 语言库209/209语言库 53排4列2层/ [索取号:H319.4:I/H381-2] | 在馆 |